000 00373nam a2200121Ia 4500
008 151015s9999 xx 000 0 und d
050 _aPL 8704 .M58K5 1985
245 _aKarama Said
250 _a_Nyota ya Ushairi Mashairi ya Msingi / Said Karama
300 _aNairobi : Heinemann Educational Books, 1995
650 _a_Mashairi
700 _a^d20110419 04:20:44^okilerai
999 _c1771
_d1771